000 00516nam a22002057a 4500
003 OSt
005 20260131020003.0
008 250926b |||||||| |||| 00| 0 eng d
020 _a0632049898
040 _cMUST
082 _aWW 300 E51c 1999
100 _aElkington, Andrew
_919393
245 _aClinical Optics/
_cAndrew R Elkington
250 _a3rd ed.
260 _bBlackwell science
_c1999
300 _a246p.
_bill.
_c23cm
504 _aincludes indexes
650 _2Eye disease
942 _2z
_cO_SHELF
_05
999 _c9524
_d9524